Change of Life (Record no. 183098)

000 -LEADER
fixed length control field 01074 a2200169 4500
003 - CONTROL NUMBER IDENTIFIER
control field Nust
005 - DATE AND TIME OF LATEST TRANSACTION
control field 20170207153257.0
040 ## - CATALOGING SOURCE
Transcribing agency Nust
082 ## - DEWEY DECIMAL CLASSIFICATION NUMBER
Classification number 599.9
100 ## - MAIN ENTRY--PERSONAL NAME
Personal name Stopes, Carmichael Marie
245 ## - TITLE STATEMENT
Title Change of Life
Remainder of title In the men and Women
Statement of responsibility, etc. Carmichael Marie Stopes
260 ## - PUBLICATION, DISTRIBUTION, ETC.
Place of publication, distribution, etc. London
Name of publisher, distributor, etc. Putnam
Date of publication, distribution, etc. 1936
300 ## - PHYSICAL DESCRIPTION
Extent 278:p
505 ## - FORMATTED CONTENTS NOTE
Formatted contents note Common Sense and Crises (Page-1) The Chang in Both Men and Women (Page-22) Some Physiological Factors in Men General (Page-46) Some Physiological Factors in Men Virility Fertility the Prostate (Page-70) Some Physiological Factors in Both Sexes Depression Obesity (Page-93) Some Physiological Factors in Women General (Page-127) Some Physiological Factors in Women (Page-147) Some Physiological Factors in Women Pregnancy and Passion in the Climacteric and After (Page-170) Some Further Physiological Facts and Their Relation to the Climacteric (Page-192) Some Special Curative Measures why and how (Page-232) The Capacity to Feel Joy is what Matters Most (Page-263)
538 ## - SYSTEM DETAILS NOTE
System details note Almirah No 18. Shelf No.6
650 ## - SUBJECT ADDED ENTRY--TOPICAL TERM
Topical term or geographic name entry element Change of Life
942 ## - ADDED ENTRY ELEMENTS (KOHA)
Source of classification or shelving scheme
Koha item type Book
Holdings
Withdrawn status Lost status Source of classification or shelving scheme Damaged status Not for loan Collection code Permanent Location Current Location Date acquired Total Checkouts Full call number Barcode Date last seen Price effective from Koha item type
            Military College of Signals (MCS) Military College of Signals (MCS) 12/12/2016   599.9 STO MCS29570 12/08/2016 12/12/2016 Book
© 2023 Central Library, National University of Sciences and Technology. All Rights Reserved.